A Study on the Role of School Environment on Professional Stress among Secondary School Teacher’s of Gurgaon District (Record no. 29403)
[ view plain ]
| 000 -LEADER | |
|---|---|
| fixed length control field | 00314nam a22001097a 4500 |
| 003 - CONTROL NUMBER IDENTIFIER | |
| control field | SGT |
| 082 ## - DEWEY DECIMAL CLASSIFICATION NUMBER | |
| Classification number | 370, |
| 100 ## - MAIN ENTRY--PERSONAL NAME | |
| Personal name | Sapna Bhardwaj-211001001 |
| 245 ## - TITLE STATEMENT | |
| Title | A Study on the Role of School Environment on Professional Stress among Secondary School Teacher’s of Gurgaon District |
| 260 ## - PUBLICATION, DISTRIBUTION, ETC. (IMPRINT) | |
| Year of Publication | 2021 |
| 942 ## - ADDED ENTRY ELEMENTS (KOHA) | |
| Source of classification or shelving scheme | Dewey Decimal Classification |
| Koha item type | Thesis/Dissertation |
No items available.